| 000 | 00606nam a22002057a 4500 | ||
|---|---|---|---|
| 999 |
_c7435 _d7435 |
||
| 005 | 20211124132019.0 | ||
| 008 | 211124b ||||| |||| 00| 0 eng d | ||
| 020 | _a8429709843 | ||
| 040 | _aCDMR | ||
| 245 |
_aCinco humoristas de hoy _b: Cesc, Chumy Chumez, Forges, Perich, Summers |
||
| 260 |
_aBarcelona: _bEdicions 62, _c1974 |
||
| 300 |
_a[ca. 260] p. : _btot il.; _c26 cm |
||
| 600 | 1 | 0 |
_9122 _aCesc |
| 600 | 1 | 0 |
_92681 _aChumez, Chumy |
| 600 | 1 | 0 |
_9765 _aForges |
| 600 | 1 | 0 |
_9220 _aPerich _qPerich, Jaime |
| 600 | 0 |
_94736 _aSummers |
|
| 650 | 0 |
_93084 _aHumorisme grà fic _zEspanya |
|
| 942 |
_2udc _cMON |
||